000 00281 a2200133 4500
001 47921
040 _cAnchieta - Aquarius
100 _aReis, Ricardo
240 1 0 _aPoemas de Ricardo Reis
_l
245 1 0 _aPoemas de Ricardo Reis
300 _a52
650 4 _aPoesia
942 _cBK
999 _c47921
_d47921